Statistics for Guess the Countries by Unknown Category #7

Click here to take the quiz!

General Stats

  • This quiz has been taken 410 times
    (366 since last reset)
  • The average score is 15 of 21

Answer Stats

Distance Country % Correct
45Germany
85%
0France
85%
8Monaco
81%
0Switzerland
80%
0San Marino
79%
0Vatican City
79%
68Liechtenstein
77%
0Austria
76%
78Greece
74%
81Malta
74%
0Slovenia
71%
188Hungary
71%
153Bosnia and Herzegovina
70%
13Croatia
68%
218Czech Republic
67%
73Albania
66%
174Montenegro
66%
204Macedonia
61%
214Algeria
52%
71Tunisia
50%
CATEGORY:Countries Closest to Italy
32%

Score Distribution

Percentile by Number Answered

Percent of People with Each Score

Your Score History

You have not taken this quiz since the last reset